Coldest European Cities in the Summer - Statistics

General Stats
  • This quiz has been taken 97 times
  • The average score is 6 of 10
Answer Stats
High F High C Cities Low F Low C % Correct
69.2 20.7 Oslo 52.5 11.4
93%
54.8 12.7 Reykjavík 45.7 7.6
88%
65.8 18.8 Dublin 51.7 10.9
71%
68.8 20.4 Copenhagen 53.8 12.1
69%
65.1 18.4 Glasgow 50.9 10.5
68%
69.2 20.7 Saint Petersburg 54.9 12.7
68%
68.1 20.1 Tallinn 52.0 11.1
67%
67.7 19.8 Manchester 53.3 11.8
49%
64.8 18.2 Leeds 50.5 10.3
40%
69.0 20.6 Birmingham 51.7 10.9
36%
No matching quizzes found
Score Distribution
Percent of People with Each Score
Percentile by Number Answered
Your Score History
You have not taken this quiz